Statistics for Карта Европы перед Первой мировой войной

Click here to take the quiz!

General Stats

  • This quiz has been taken 5 038 times
  • The average score is 23 of 25

Answers on the Map

Answers color-coded by a green-red scale on the quiz's map according to % correct below.
 

Answer Stats

Страна% Correct
Германская империя
99%
Российская империя
99%
Франция
98%
Италия
98%
Швеция
97%
Великобритания
97%
Испания
97%
Португалия
96%
Норвегия
96%
Швейцария
94%
Греция
94%
Дания
94%
Нидерланды
92%
Бельгия
92%
Люксембург
89%
Болгария
88%
Румыния
88%
Сербия
87%
Албания
85%
Монако
84%
Лихтенштейн
84%
Сан-Марино
83%
Андорра
83%
Австро-Венгрия
82%
Черногория
81%

Score Distribution

Percentile by Number Answered

Percent of People with Each Score

Your Score History

You have not taken this quiz